Statistics for Boxing Super-Bantamweight Champions by Picture

Click here to take the quiz!

General Stats

  • This quiz has been taken 5 times
  • The average score is 21 of 111

Answer Stats

Answer% Correct
Erik Morales
100%
Junior Jones
100%
Manny Pacquiao
100%
Marco Antonio Barrera
100%
Carl Frampton
80%
Kiko Martínez
80%
Léo Santa Cruz
80%
Rafael Márquez
80%
Scott Quigg
80%
Guillermo Rigondeaux
60%
Israel Vázquez
60%
Juan Manuel López
60%
Wilfredo Vázquez
60%
Wilfredo Vázquez Jr.
60%
Brandon Figueroa
40%
Celestino Caballero
40%
Daniel Zaragoza
40%
Duke McKenzie
40%
Emanuel Navarrete
40%
Isaac Dogboe
40%
Jeff Fenech
40%
Joan Guzmán
40%
Jonathan Guzmán
40%
Lupe Pintor
40%
Mahyar Monshipour
40%
Nonito Donaire
40%
Rey Vargas
40%
Stephen Fulton
40%
Abner Mares
20%
Agapito Sánchez
20%
Angelo Leo
20%
Antonio Cermeño
20%
Bernardo Piñango
20%
Daniel Roman
20%
Enrique Sánchez
20%
Hugo Ruiz
20%
Jessie Magdaleno
20%
Julio Ceja
20%
Kenny Mitchell
20%
Lee Ryol-li
20%
Lehlo Ledwaba
20%
Marlon Tapales
20%
Murodjon Akhmadaliev
20%
Nehomar Cermeño
20%
Ricardo Cordoba
20%
Ryosuke Iwasa
20%
Steve Molitor
20%
Suh Sung-in
20%
TJ Doheny
20%
Wilfredo Gómez
20%
Yukinori Oguni
20%
Akifumi Shimoda
0%
Bernard Dunne
0%
Bobby Berna
0%
Carl Duane
0%
Clarence Adams
0%
Daniel Jiménez
0%
Daniel Ponce de León
0%
Fabrice Benichou
0%
Hong Soo-hwan
0%
Hozumi Hasegawa
0%
Jack 'Kid' Wolfe
0%
Jaime Garza
0%
Jeffrey Mathebula
0%
Jesse Benavides
0%
Jesus Salud
0%
Jonatan Romero
0%
Jorge Acre
0%
José Sanabria
0%
Juan José Estrada
0%
Juan Meza
0%
Julio Gervacio
0%
Kennedy McKinney
0%
Kim Ji-won
0%
Kiyoshi Hatanaka
0%
Lee Seung-hoon
0%
Leo Cruz
0%
Leo Randolph
0%
Loris Stecca
0%
Louie Espinoza
0%
Luis Enrique Mendoza
0%
Néstor Garza
0%
Orlando Fernandez
0%
Osamu Sato
0%
Óscar Larios
0%
Paul Banke
0%
Pedro Rubén Décima
0%
Poonsawat Kratingdaenggym
0%
Raúl Pérez
0%
Ricardo Cardona
0%
Rico Ramos
0%
Rigoberto Riasco
0%
Royal Kobayashi
0%
Salim Medjkoune
0%
Samart Payakaroon
0%
Sergio Víctor Palma
0%
Shun Kubo
0%
Somsak Sithchatchawal
0%
Takalani Ndlovu
0%
Thierry Jacob
0%
Toshiaki Nishioka
0%
Tracy Harris Patterson
0%
Valerio Nati
0%
Victor Callejas
0%
Víctor Terrazas
0%
Vuyani Bungu
0%
Welcome Ncita
0%
Willie Jorrín
0%
Yober Ortega
0%
Yoddamrong Sithyodthong
0%
Yum Dong-kyun
0%

Score Distribution

Percentile by Number Answered

Percent of People with Each Score

Your Score History

You have not taken this quiz